000 02979cam a22002174a 4500
005 20250605164331.0
008 250528s ||||||||||||||||||||||||d
035 _a23241
020 _a9786185242329
040 _aGR-AtMCL
_bgre
_dGR-AtMCL
_eAACR2
245 1 _aΚαινοτομία Επιχειρηματικού Προτύπου
250 _a
260 _bΔίσιγμα,
_c2018
300 _a184
520 _aΤο συγκεκριμένο βιβλίο παρουσιάζει την ανάπτυξη και εμπειρική εφαρμογή ενός εννοιολογικού πλαισίου για την αξιολόγηση της καινοτομίας επιχειρηματικού προτύπου μικρομεσαίων επιχειρήσεων, εξετάζοντας ταυτόχρονα την επιρροή του οργανωσιακού σχεδιασμού ως βασικό αίτιο της επιχειρηματικής αριστείας. Πρόλογος, Βασικές Έννοιες, Επιχειρηματικό Πρότυπο Καινοτομίας, Στάση και Ροπή και Απόδοση Καινοτομίας, Μέτρηση και Διαχείριση Καινοτομίας, Καινοτομία και Επιχειρηματικότητα, Συστήματα Καινοτομίας και Επιχειρηματικότητας, Βιώσιμα Επιχειρηματικά Πρότυπα, Στρατηγική και Βιώσιμα Επιχειρηματικά Πρότυπα, Μοντέλο DUCCK, Οργανωσιακός Σχεδιασμός και Επιχειρηματική Αριστεία, Βιώσιμη Καινοτομία Επιχειρηματικού Προτύπου, Μελέτες Περιπτώσεων, Εκπαιδευτικός Κλάδος, Κλάδος Υγείας, Μεταφορές, Αγροτικός Κλάδος, Οικονομικός Κλάδος, Πλατφόρμες Ανοικτής Καινοτομίας, Κλάδος Φιλοξενίας, Μεταποίηση, Τεχνολογίες Πληροφορικής και Επικοινωνιών, Κοινωνικό Επιχειρηματικό Π΄ροτυπο Καινοτομίας, Επιχειρηματικά Πρότυπα Καινοτομίας για Κοινωνική Καινοτομία, Κοινωνική Καινοτομία με Βάση την Τετραπλή Έλικα, Ελληνικό Σύστημα Έρευνας και Καινοτομίας, Επιδόσεις Ελληνικού Συστήματος Καινοτομίας. Ανάλυση SWOT, Επιχειρηματικό Πρότυπο Καινοτομίας και Ελληνικές ΜΜΕ, Μικρομεσαίες Επιχειρήσεις στην Ελληνική Οικονομία.
700 1 _aΒλιάμος Σπύρος
_98679
700 1 _aΚαραγιάννης Ηλίας
_98828
942 _cBK
999 _c8270
_d8270